[Event "Rychnov Seniors op"]
[Site "Rychnov nad Kneznou"]
[Date "2012.08.27"]
[Round "8"]
[White "Cvejn, Jaroslav"]
[Black "Portes, Pavel"]
[Result "1-0"]
[WhiteElo "1755"]
[BlackElo "1700"]
[PlyCount "99"]
[EventDate "2012.08.20"]
[EventType "swiss"]
[EventRounds "9"]
[EventCountry "CZE"]
[SourceTitle "CBM 150 Extra"]
[Source "ChessBase"]
[SourceDate "2012.10.19"]
[SourceVersion "1"]
[SourceVersionDate "2012.10.19"]
[SourceQuality "1"]

1. e4 e5 2. Nf3 Nc6 3. Nc3 Nf6 4. d3 d6 5. Be2 Be7 6. 0-0 0-0 7. h3 Be6 8. Ng5 Nd4 9. Nxe6 Nxe2+ 10. Qxe2 fxe6 11. Bg5 Qe8 12. a4 a6 13. Rab1 Qg6 14. Be3 Nh5 15. Qg4 Qxg4 16. hxg4 Nf4 17. g3 Ng6 18. b4 Rf3 19. Kg2 Rf7 20. b5 a5 21. Rb3 Rd8 22. b6 c6 23. Bd2 d5 24. Nb1 dxe4 25. Bxa5 Rd4 26. Nc3 exd3 27. cxd3 Rxd3 28. Rd1 Rdf3 29. Rb2 h6 30. Rd7 Bc5 31. Rxf7 Rxf7 32. Ne4 Bd4 33. Bc3 Bxc3 34. Nxc3 Rd7 35. a5 Rd8 36. Ne4 Rb8 37. Nd6 Ne7 38. Nxb7 Nd5 39. Nc5 Kf7 40. b7 Nc7 41. Nd7 Na6 42. Nxb8 Nxb8 43. a6 Nxa6 44. b8Q Nxb8 45. Rxb8 g6 46. Rb7+ Kf6 47. Rc7 Kg5 48. Rxc6 Kf6 49. Kf3 g5 50. Ke4 1-0